000 00179nam a22000857a 4500
001 1237612
005 20251003113317.0
245 _aPİCASSO
_cEVA BARGALLO
260 _bALTIN KİTAPLAR
999 _c1237612
_d1237612